Мир мистера Муллинера (Запись № 685034)

Подробности
000 -МАРКЕР
контрольное поле 01579nam0a2200313 4500
001 - ИДЕНТИФИКАТОР ЗАПИСИ
контрольное поле RU\NLR\bibl\1326646
005 - ИДЕНТИФИКАТОР ВЕРСИИ
контрольное поле 20260608062959.0
010 ## - МЕЖДУНАРОДНЫЙ СТАНДАРТНЫЙ НОМЕР КНИГИ (ISBN)
Номер (ISBN) 978-5-17-048589-5
Уточнения АСТ
010 ## - МЕЖДУНАРОДНЫЙ СТАНДАРТНЫЙ НОМЕР КНИГИ (ISBN)
Номер (ISBN) 978-5-7516-0487-5
Уточнения Текст (Кн. карман. формата)
Тираж 2500
021 ## - НОМЕР ГОСУДАРСТВЕННОЙ РЕГИСТРАЦИИ
Код страны Российская Федерация
Номер 2008-100328
Номер Листа государственной регистраци 5899
035 ## - ДРУГИЕ СИСТЕМНЫЕ НОМЕРА
Идентификатор записи (NLR Aleph) 001311936
100 ## - ДАННЫЕ ОБЩЕЙ ОБРАБОТКИ
Данные общей обработки 20090209d2008 |||y0rusy50 ca
101 1# - ЯЗЫК РЕСУРСА
Язык текста, звукозаписи и т.д. русский
Язык оригинала английский
102 ## - СТРАНА ПУБЛИКАЦИИ ИЛИ ПРОИЗВОДСТВА
Страна публикации Российская Федерация
105 ## - ПОЛЕ КОДИРОВАННЫХ ДАННЫХ: ТЕКСТОВЫЕ МАТЕРИАЛЫ, МОНОГРАФИЧЕСКИЕ
Кодированные данные о монографическом текстовом документе y |||||||||
200 1# - ЗАГЛАВИЕ И СВЕДЕНИЯ ОБ ОТВЕТСТВЕННОСТИ
Основное заглавие Мир мистера Муллинера
Сведения, относящиеся к заглавию рассказы
Первые сведения об ответственности П. Г. Вудхаус
Последующие сведения об ответственности пер. с англ. Ирины Гуровой
210 ## - ПУБЛИКАЦИЯ, РАСПРОСТРАНЕНИЕ И ДР.
Место издания, распространения и т.д. Москва
Имя издателя, распространителя и т. д. АСТ
-- Текст
Дата издания, распространения и т.д. 2008 (cop. 2007)
215 ## - ФИЗИЧЕСКАЯ ХАРАКТЕРИСТИКА
Специфическое обозначение материала и объем 300, [2] с.
Размеры 17
225 1# - СЕРИЯ
Основное заглавие серии Текст
Наименование части Книги карманного формата
327 1# - ПРИМЕЧАНИЯ О СОДЕРЖАНИИ
Текст примечания Содерж.: Обезьяньи штучки; Киватель; Сок одного апельсина; Восхождение Минны Нордстром; Голливудские Робинзоны; Арчибальд и массы; Кодекс Муллинеров; Пламенное ухаживание Мордреда; Ансельм получает свой шанс; Правильный подход; Большой бизнес
686 ## - ИНДЕКСЫ ДРУГИХ КЛАССИФИКАЦИЙ
Индекс Ш6(4Вл)67-440.5{Лх1298.145(80)}
700 #1 - ИМЯ ЛИЦА - ПЕРВИЧНАЯ ОТВЕТСТВЕННОСТЬ
Код отношения Автор
Графика поля Кириллица
Материалы, к которым относится поле rus
Начальный элемент ввода Вудхаус
Часть имени, кроме начального элемента ввода П. Г.
Даты 1881-1975
Расширение инициалов личного имени Пелем Гренвилл
Системный номер авторитетной/нормативной записи 120643
Идентификатор авторитетной/нормативной записи RU\NLR\AUTH\7710880
801 #0 - ИСТОЧНИК ЗАПИСИ
Страна Российская Федерация
Организация NLR
Дата составления 20090209
Правила каталогизации RCR
801 #1 - ИСТОЧНИК ЗАПИСИ
Страна Российская Федерация
Организация NLR
Дата составления 20090209
942 ## - ДОПОЛНИТЕЛЬНЫЕ ЭЛЕМЕНТЫ ЗАПИСИ (АБИС)
Тип экземпляра АБИС Книга
980 ## - КОЛЛЕКЦИЯ
Название коллекции Национальная библиография
Экземпляры
Тип экземпляра Дата поступления Источник поступления Библиотека постоянного хранения Библиотека текущего хранения Место хранения Шифр хранения Штрих-код Статус экземпляра
Книга 09.02.2009 Обязательный экземпляр РНБ (Московский) РНБ (Московский) Русский книжный фонд: издания с 1957 года 2009-2/852 2847752  
Книга 09.02.2009 Обязательный экземпляр РНБ (Московский) РНБ (Московский) Русский книжный фонд: издания с 1957 года 2009-2/852 2847754